Relaciones internacionales : (Registro nro. 5841)

Detalles MARC
000 -LEADER
fixed length control field 01496nam a2200325Ia 4500
003 - CONTROL NUMBER IDENTIFIER
control field OSt
005 - DATE AND TIME OF LATEST TRANSACTION
control field 20200506144556.0
008 - FIXED-LENGTH DATA ELEMENTS--GENERAL INFORMATION
fixed length control field 191128s2000 ck abd gr 001 0 spa d
020 ## - INTERNATIONAL STANDARD BOOK NUMBER
International Standard Book Number 9789584100740
040 ## - CATALOGING SOURCE
Original cataloging agency CO-JMCR
Transcribing agency CO-JMCR
041 1# - LANGUAGE CODE
Language code of text/sound track or separate title spa
Language code of original eng
082 04 - DEWEY DECIMAL CLASSIFICATION NUMBER
Classification number 327.101 /
Item number P217r
Edition number 23
100 1# - MAIN ENTRY--PERSONAL NAME
Personal name Pearson, Frederic S.,
Relator term autor
9 (RLIN) 4017
245 10 - TITLE STATEMENT
Title Relaciones internacionales :
Remainder of title situación global en el siglo XXI /
Statement of responsibility, etc. Frederic S. Pearson, J. Martin Rochester ; traducción Rodrigo Jaramillo Arango ; revisión técnica Jaume Vidal Casanova
250 ## - EDITION STATEMENT
Edition statement Cuarta edición
260 ## - PUBLICATION, DISTRIBUTION, ETC.
Place of publication, distribution, etc. Bogotá :
Name of publisher, distributor, etc. McGraw-Hill,
Date of publication, distribution, etc. 2000
300 ## - PHYSICAL DESCRIPTION
Extent xix, 657 páginas :
Other physical details ilustraciones, gráficos y 4 mapas a blanco y negro ;
Dimensions 27 cm.
500 ## - GENERAL NOTE
General note Incluye índice de materias y glosario
504 ## - BIBLIOGRAPHY, ETC. NOTE
Bibliography, etc. note Incluye bibliografía al final de cada capítulo
505 0# - FORMATTED CONTENTS NOTE
Formatted contents note Estudio de las relaciones internacionales, o manejando el mundo -- Breve visión del pasado: el desarrollo histórico del sistema internacional -- Una visión del presente a vuelo de pájaro: el sistema internacional contemporáneo
534 ## - ORIGINAL VERSION NOTE
Introductory phrase International relations
546 ## - LANGUAGE NOTE
Language note Traducido del inglés
650 14 - SUBJECT ADDED ENTRY--TOPICAL TERM
Topical term or geographic name entry element Relaciones internacionales
9 (RLIN) 3476
650 14 - SUBJECT ADDED ENTRY--TOPICAL TERM
Topical term or geographic name entry element Política internacional
9 (RLIN) 4018
650 14 - SUBJECT ADDED ENTRY--TOPICAL TERM
Topical term or geographic name entry element Derecho internacional
9 (RLIN) 2682
700 1# - ADDED ENTRY--PERSONAL NAME
Personal name Rochester, J. Martin,
Relator term autor
9 (RLIN) 4019
700 1# - ADDED ENTRY--PERSONAL NAME
Personal name Jaramillo Arango, Rodrigo,
Relator term traductor
9 (RLIN) 4020
700 1# - ADDED ENTRY--PERSONAL NAME
Personal name Vidal Casanova, Jaume,
Relator term revisor
9 (RLIN) 4021
942 ## - ADDED ENTRY ELEMENTS (KOHA)
Source of classification or shelving scheme Dewey Decimal Classification
Koha item type Books
Existencias
Withdrawn status Lost status Source of classification or shelving scheme Damaged status Not for loan Collection code Home library Current library Date acquired Source of acquisition Cost, normal purchase price Total Checkouts Full call number Barcode Date last seen Copy number Koha item type
    Dewey Decimal Classification     Non-fiction Biblioteca Pública José María del Castillo y Rada Biblioteca Pública José María del Castillo y Rada 04/15/2018 Donación 0.00   327.101 / P217r 430005310 05/16/2024 Ej.1 Books